[Event "Fall Server Series, S02096"]
[Site "CCLA"]
[Date "2020.11.21"]
[Round "?"]
[White "Taylor, Ronald D."]
[Black "Oneill, Bob"]
[Result "1-0"]
[WhiteElo "1449"]
[BlackElo "1247"]

1. d4 d5 2. c4 e6 3. g3 Nf6 4. Bg2 c6 5. cxd5 Nxd5 6. Nc3 Bb4 7. Bd2 Na6 
8. e3 O-O 9. Nge2 Qe7 10. O-O f5 11. a3 Ba5 12. Nxd5 1-0

[Event "Fall Server Series, S02096"]
[Site "CCLA"]
[Date "2020.11.21"]
[Round "?"]
[White "Oneill, Bob"]
[Black "Taylor, Ronald D."]
[Result "0-1"]
[WhiteElo "1247"]
[BlackElo "1449"]

1. e4 Nf6 2. Nc3 d5 3. d4 Nxe4 4. Nxe4 dxe4 5. Be3 Nd7 6. f3 b6 7. Be2 Bb7
8. f4 e6 9. Bg4 Bd6 10. Ne2 Nf6 11. Bh3 Nd5 0-1

[Event "Fall Server Series, S02096"]
[Site "CCLA"]
[Date "2020.11.21"]
[Round "?"]
[White "Williams, Rufus H."]
[Black "Oneill, Bob"]
[Result "1-0"]
[WhiteElo "1290"]
[BlackElo "1247"]

1. e4 e5 2. Nf3 Nc6 3. Bc4 Nf6 4. O-O Nxe4 5. Nc3 Nxc3 6. bxc3 d5 7. Bb3 
Be6 8. d3 Be7 9. a3 O-O 10. Re1 a5 11. a4 1-0

[Event "Fall Server Series, S02097"]
[Site "CCLA"]
[Date "2020.11.21"]
[Round "?"]
[White "Williams, Rufus H."]
[Black "Berger, Byron"]
[Result "1/2-1/2"]
[WhiteElo "1314"]
[BlackElo "1348"]

1. e4 e6 2. d4 d5 3. exd5 exd5 4. Nf3 Nf6 5. Nc3 c5 6. h3 Nc6 7. Be2 Qb6 
8. Bb5 Ne4 9. Bxc6+ bxc6 10. Nxe4 Bf5 11. dxc5 Qb4+ 12. c3 Qxe4+ 13. Be3 
Bxc5 14. O-O Bxe3 15. fxe3 O-O 16. Qe2 Rfe8 17. Rfe1 Re7 18. Rad1 Rae8 19.
 Rd4 Qxe3+ 20. Qxe3 Rxe3 21. Rxe3 Rxe3 22. Kf2 Rd3 23. Rb4 g6 24. Rb8+ Kg7
25. Ra8 Be4 26. Rxa7 Bxf3 27. gxf3 Rd2+ 28. Ke3 Rxb2 29. a4 Rh2 30. a5 
Rxh3 31. Rc7 Rh1 32. a6 Ra1 33. Rxc6 Kf8 34. Kd4 h5 35. Kxd5 h4 36. Rc8+ 
Ke7 37. Rc7+ Kd8 38. Ra7 h3 39. Ra8+ Ke7 40. Rh8 Rxa6 41. Rxh3 Ra1 42. f4 
Ra3 43. Rd3 f6 44. Re3+ Kf7 45. Kd4 g5 46. f5 Ra5 47. Rf3 Re5 48. c4 g4 
49. Rf4 g3 50. Rg4 Rxf5 51. Rxg3 Ke7 52. Re3+ Kd6 1/2-1/2

[Event "Fall Server Series, S02097"]
[Site "CCLA"]
[Date "2020.11.21"]
[Round "?"]
[White "Williams, Rufus H."]
[Black "Algeri, Brian"]
[Result "1-0"]
[WhiteElo "1314"]
[BlackElo "1245"]

1. e4 c6 2. d4 d5 3. exd5 cxd5 4. Nf3 Bf5 5. Be2 e6 6. Bb5+ Nc6 7. O-O a6 
8. Bxc6+ bxc6 9. Re1 Bd6 10. Nbd2 Nf6 11. c3 O-O 12. Nf1 Ne4 13. N1d2 Qc7 
14. Nxe4 dxe4 15. Nh4 Bxh2+ 16. Kh1 Bf4 17. Bxf4 Qxf4 18. g3 Qh6 19. Kg2 
Qg5 20. b4 a5 21. bxa5 Rxa5 22. a4 Rd8 23. Kh2 c5 24. Rg1 Bg4 25. Qc2 cxd4
26. cxd4 Rxd4 27. Rgb1 Qd8 28. Rc1 h6 29. Ng2 Raxa4 30. Rxa4 Rxa4 31. Qxa4
1-0

[Event "Fall Server Series, S02097"]
[Site "CCLA"]
[Date "2020.11.21"]
[Round "?"]
[White "Berger, Byron"]
[Black "Williams, Rufus H."]
[Result "1-0"]
[WhiteElo "1348"]
[BlackElo "1314"]

1. e4 c5 2. c3 Nc6 3. d4 cxd4 4. cxd4 e6 5. Nf3 Bb4+ 6. Nc3 d5 7. Bd3 dxe4
8. Bxe4 Nf6 9. Bg5 a5 10. O-O O-O 11. Bxf6 Qxf6 12. d5 Ne5 13. Nxe5 Qxe5 
14. Qd3 Bd6 15. g3 Qh5 16. dxe6 fxe6 17. Rad1 Be5 18. Qe2 Qxe2 19. Nxe2 
Ra7 20. b3 b6 21. f4 Bf6 22. Nd4 Bd7 23. Rd2 Rc8 24. a3 b5 25. Rfd1 Kh8 
26. Nf3 Rac7 27. Rxd7 Rxd7 28. Rxd7 Rc1+ 29. Kf2 Kg8 30. Rb7 Ra1 31. Rxb5 
Rxa3 32. Ng5 Bxg5 33. fxg5 Ra2+ 34. Kf3 a4 35. Rb6 axb3 36. Rxb3 Ra7 37. 
Rb8+ Kf7 38. Rb7+ Rxb7 39. Bxb7 Ke7 40. Be4 g6 41. Kf4 Kd6 42. Bxg6 hxg6 
43. Ke4 e5 44. g4 Ke6 45. h4 Kd6 46. h5 1-0

[Event "Fall Server Series, S02097"]
[Site "CCLA"]
[Date "2020.11.21"]
[Round "?"]
[White "Berger, Byron"]
[Black "Algeri, Brian"]
[Result "1-0"]
[WhiteElo "1348"]
[BlackElo "1245"]

1. Nc3 g6 2. d4 Bg7 3. e4 d6 4. Nf3 e6 5. Be3 Ne7 6. Qd2 b6 7. Bh6 Bxh6 8.
 Qxh6 Kd7 9. Qd2 Bb7 10. O-O-O h6 11. d5 e5 12. h3 c6 13. dxc6+ Nbxc6 14. 
Qxd6+ Ke8 15. Qf6 Rg8 16. Rxd8+ 1-0

[Event "Fall Server Series, S02097"]
[Site "CCLA"]
[Date "2020.11.21"]
[Round "?"]
[White "Algeri, Brian"]
[Black "Williams, Rufus H."]
[Result "1-0"]
[WhiteElo "1245"]
[BlackElo "1314"]

1. Nf3 d5 2. d4 Nf6 3. g3 e6 4. Bg2 Bb4+ 5. Nbd2 Bxd2+ 6. Bxd2 Nc6 7. Bg5 
h6 8. Bxf6 Qxf6 9. O-O Bd7 10. c3 O-O-O 11. Re1 Rde8 12. e4 dxe4 13. Rxe4 
g5 14. Ne5 Nxe5 15. Rxe5 h5 16. Qb3 Bc6 17. Bxc6 bxc6 18. Qa4 g4 19. Qxc6 
h4 20. Rc5 Qe7 21. Qa8+ Kd7 22. Qxa7 Rc8 23. Qa4+ Kd8 24. Qc6 Qd6 25. 
Qxd6+ cxd6 26. Rxc8+ Kxc8 27. gxh4 Rxh4 28. Kg2 f5 29. Kg3 Rh7 30. Re1 Kd7
31. a4 Rh3+ 32. Kg2 Rd3 33. Ra1 f4 34. a5 Rd2 35. a6 Rxb2 36. a7 Kc7 37. 
a8=Q Rb8 38. Ra7+ Kc8 39. Qc6+ 1-0

[Event "Fall Server Series, S02097"]
[Site "CCLA"]
[Date "2020.11.21"]
[Round "?"]
[White "Algeri, Brian"]
[Black "Berger, Byron"]
[Result "1-0"]
[WhiteElo "1245"]
[BlackElo "1348"]

1. Nf3 d5 2. d4 Nf6 3. c4 e6 4. Nc3 c5 5. Bg5 cxd4 6. Nxd4 e5 7. Bxf6 gxf6
8. Ndb5 a6 9. Na3 Bxa3 10. Qa4+ Qd7 11. Qxa3 d4 12. Nd5 Nc6 13. Nxf6+ 1-0

[Event "North American Class C Champ, S03009"]
[Site "CCLA"]
[Date "2020.11.30"]
[Round "?"]
[White "Greco, Tom"]
[Black "Smiley, William R."]
[Result "1-0"]
[WhiteElo "1640"]
[BlackElo "1505"]

1. e4 e5 2. Nf3 Nc6 3. Bb5 a6 4. Bxc6 dxc6 5. O-O Bd6 6. d4 exd4 7. Qxd4 
Bg4 8. Qxg7 Qf6 9. Qxg4 Ne7 10. e5 Bxe5 11. Bg5 1-0

[Event "North American Class C Champ, S03009"]
[Site "CCLA"]
[Date "2020.11.30"]
[Round "?"]
[White "Greco, Tom"]
[Black "Siegfried, Will"]
[Result "1-0"]
[WhiteElo "1640"]
[BlackElo "1666"]

1. e4 e6 2. d4 d5 3. Nd2 c5 4. Ngf3 cxd4 5. Nxd4 Nf6 6. e5 Nfd7 7. N2f3 
Nc6 8. Bb5 Qc7 9. O-O Be7 10. Bf4 O-O 11. Bd3 Nc5 12. c3 Nxd3 13. Qxd3 Bd7
14. Rfe1 a6 15. a4 Rac8 16. h4 h6 17. h5 Bd8 18. Nxc6 bxc6 19. c4 Qb7 20. 
b3 Rb8 21. Nd2 Bb6 22. c5 Bxc5 23. Rab1 Qb6 24. Qg3 Kh8 25. Re2 Rb7 26. 
Qd3 Rfb8 27. g4 Be7 28. Re3 Qd8 29. Rg3 Bh4 30. Rh3 Bg5 31. Be3 Qe7 32. f4
Bxf4 33. Bxf4 c5 34. Rf1 c4 35. bxc4 Bxa4 36. cxd5 Bb5 37. Qf3 Bxf1 38. d6
Qd7 39. Qxf1 Qa4 40. Rd3 Rb4 41. Rf3 Rd4 42. Kg2 Rxd2+ 43. Bxd2 Qxg4+ 44. 
Rg3 Qe4+ 45. Qf3 Qc2 46. Qxf7 Qxd2+ 47. Kh3 Rg8 48. Qxe6 a5 49. Qe7 a4 50.
 d7 Qd1 51. Qf7 Qh1+ 52. Kg4 Qd1+ 53. Kf5 Qc2+ 54. Kf4 Qf2+ 55. Rf3 Qd4+ 
56. Kf5 Rd8 57. Qe8+ 1-0

[Event "North American Class C Champ, S03009"]
[Site "CCLA"]
[Date "2020.11.30"]
[Round "?"]
[White "Smiley, William R."]
[Black "Greco, Tom"]
[Result "0-1"]
[WhiteElo "1505"]
[BlackElo "1640"]

1. e4 e5 2. Nc3 Nf6 3. Bc4 Bc5 4. d3 c6 5. Be3 Bxe3 6. fxe3 Qb6 7. Qd2 
Qxb2 8. Rb1 Qa3 9. Nf3 b5 10. Bxb5 cxb5 11. Nxb5 Qc5 12. O-O a6 13. Nc3 
Nc6 14. d4 exd4 15. exd4 Qh5 16. h3 O-O 17. e5 Ne8 18. Nd5 d6 19. Nf4 Qf5 
0-1

[Event "North American Class C Champ, S03009"]
[Site "CCLA"]
[Date "2020.11.30"]
[Round "?"]
[White "Siegfried, Will"]
[Black "Greco, Tom"]
[Result "0-1"]
[WhiteElo "1666"]
[BlackElo "1640"]

1. d4 Nf6 2. Nf3 d5 3. Bf4 c5 4. c3 Nc6 5. e3 Qb6 6. Qb3 c4 7. Qc2 g6 8. 
Nbd2 Bf5 9. Qc1 Bg7 10. Be2 O-O 11. O-O Nh5 12. Ne5 Nf6 13. Ndf3 Nd7 14. 
g4 Be6 15. Nxd7 Bxd7 16. h3 f6 17. Nd2 e5 18. Bg3 f5 19. dxe5 Bxe5 20. 
Bxe5 Nxe5 21. Nf3 Nxf3+ 22. Bxf3 Bc6 23. Qd2 Rad8 24. Rab1 Qc7 25. Qd4 a6 
26. Rbd1 Qe7 27. gxf5 Rxf5 28. Bg2 Rdf8 29. Rd2 g5 30. Qg4 h6 31. Re2 Bd7 
32. Qg3 Kh8 33. Qc7 b5 34. Qb7 Qd6 35. Rd1 Be6 36. Qa7 Bf7 37. Qd4+ Qe5 
38. Qxe5+ Rxe5 39. Red2 Be6 40. Kh2 Ref5 41. Kg3 h5 42. e4 h4+ 43. Kh2 
dxe4 44. Bxe4 Rxf2+ 45. Rxf2 Rxf2+ 46. Kg1 Rxb2 47. Rd6 Bxh3 48. Rxa6 Re2 
49. Bc6 b4 50. cxb4 c3 51. Bf3 Rb2 52. Rc6 c2 0-1

[Event "North American Class C Champ, S03009"]
[Site "CCLA"]
[Date "2020.11.30"]
[Round "?"]
[White "Smiley, William R."]
[Black "Siegfried, Will"]
[Result "1/2-1/2"]
[WhiteElo "1505"]
[BlackElo "1666"]

1. e4 e6 2. d4 d5 3. Nc3 Bb4 4. e5 c5 5. Bd2 Nh6 6. dxc5 Nd7 7. Bb5 Qc7 8.
 Qe2 O-O 9. Bxd7 Bxd7 10. a3 Bxc5 11. Bxh6 gxh6 12. Qg4+ Kh8 13. Qf4 Qb6 
14. b4 Bd4 15. Nge2 Bxc3+ 16. Nxc3 Rac8 17. Qf6+ Kg8 18. Qxh6 Rxc3 19. 
Qg5+ 1/2-1/2

[Event "North American Class C Champ, S03009"]
[Site "CCLA"]
[Date "2020.11.30"]
[Round "?"]
[White "Siegfried, Will"]
[Black "Smiley, William R."]
[Result "1-0"]
[WhiteElo "1666"]
[BlackElo "1505"]

1. d4 e6 2. e4 d5 3. Nc3 c5 4. exd5 Nf6 5. Nf3 exd5 6. Bb5+ Nbd7 7. O-O a6
8. Re1+ Be7 9. Bxd7+ Qxd7 10. Qe2 Kf8 11. Bg5 Qd6 12. dxc5 Qd8 13. Bxf6 
gxf6 14. Nxd5 Be6 15. Nxe7 Qxe7 16. Nd4 Re8 17. Nxe6+ fxe6 18. b4 e5 19. 
Rad1 Qf7 20. c4 Qc7 21. Rd5 Rg8 22. Qf3 f5 23. Qxf5+ 1-0

[Event "2020 Server N. American Champ., Clas C-Rd 1, S03011"]
[Site "CCLA"]
[Date "2020.04.25"]
[Round "?"]
[White "McLaughlin, Ed"]
[Black "Greco, Tom"]
[Result "1-0"]
[WhiteElo "1629"]
[BlackElo "1563"]

1. c4 Nf6 2. Nc3 c5 3. Nf3 e6 4. g3 b6 5. Bg2 Bb7 6. O-O Be7 7. d3 O-O 8. 
Bf4 d6 9. h3 a6 10. g4 Qd7 11. Qb3 Bd8 12. Rad1 Qc6 13. Ne1 Qc7 14. Bxb7 
Qxb7 15. Bxd6 Re8 16. Bxc5 Nbd7 17. Be3 Nc5 18. Bxc5 1-0

[Event "2020 Server N. American Champ., Clas C-Rd 1, S03011"]
[Site "CCLA"]
[Date "2020.04.25"]
[Round "?"]
[White "McLaughlin, Ed"]
[Black "Smiley, William R."]
[Result "1/2-1/2"]
[WhiteElo "1629"]
[BlackElo "1620"]

1. d4 d5 2. Nf3 Nf6 3. g3 e6 4. Bg2 Be7 5. O-O Nbd7 6. c4 dxc4 7. Qa4 O-O 
8. Qxc4 c6 9. Nc3 Re8 10. e4 h6 11. Bf4 Nf8 12. Rad1 N8d7 13. b4 b6 14. d5
exd5 15. exd5 c5 16. bxc5 bxc5 17. Ne5 Nxe5 18. Bxe5 Bd6 19. Bxd6 Qxd6 20.
 Rfe1 Rxe1+ 21. Rxe1 Ba6 22. Qb3 Rb8 23. Qa3 1/2-1/2

[Event "2020 Server N. American Champ., Clas C-Rd 1, S03011"]
[Site "CCLA"]
[Date "2020.04.25"]
[Round "?"]
[White "McLaughlin, Ed"]
[Black "Hodgkins, Neil C."]
[Result "1-0"]
[WhiteElo "1629"]
[BlackElo "1402"]

1. d4 d5 2. Nf3 Nf6 3. Nbd2 Nc6 4. e3 g6 5. c3 Bg7 6. Bb5 O-O 7. O-O Bd7 
8. Re1 a6 9. Ba4 Re8 10. e4 e5 11. Bxc6 Bxc6 12. Nxe5 dxe4 13. Nxc6 bxc6 
14. Qc2 Qd5 15. Nb3 Bf8 16. Be3 Nd7 17. c4 Qf5 18. a3 c5 19. d5 Rab8 20. 
Rad1 Bd6 21. Rd2 Rb6 22. Rb1 c6 23. Rbd1 Bf4 24. dxc6 Rxc6 25. Rxd7 Bxe3 
26. fxe3 Qg5 27. Qc3 Qe5 28. Qxe5 Rxe5 29. R1d5 Rxd5 30. Rxd5 Rb6 31. Nxc5
Rxb2 32. Nxe4 Rb3 33. Ra5 Rxe3 34. Nf6+ Kg7 35. Nd5 Re6 36. Nb4 h5 37. c5 
Re5 38. Nxa6 Kf6 39. a4 Ke7 40. Rb5 Re6 41. Nb8 Kd8 42. a5 Kc8 43. a6 Re7 
44. c6 h4 45. Nd7 Kc7 46. Rb7+ Kxc6 47. Nb8+ 1-0

[Event "2020 Server N. American Champ., Clas C-Rd 1, S03011"]
[Site "CCLA"]
[Date "2020.04.25"]
[Round "?"]
[White "McLaughlin, Ed"]
[Black "Cangelosi, Dominic"]
[Result "1/2-1/2"]
[WhiteElo "1629"]
[BlackElo "1391"]

1. d4 f5 2. Nf3 Nf6 3. g3 e6 4. Bg2 c6 5. O-O Bb4 6. Nbd2 O-O 7. a3 Qa5 8.
 Nc4 Qa6 9. Nce5 d5 10. Bg5 Be7 11. Qd2 Nbd7 12. Rac1 Ne4 13. Qe3 Nxg5 14.
 Nxg5 Bxg5 15. Qxg5 Nxe5 16. dxe5 Qxe2 17. Rfe1 Qg4 18. Qe7 Rf7 19. Qe8+ 
Rf8 20. Qe7 Rf7 1/2-1/2

[Event "2020 Server N. American Champ., Clas C-Rd 1, S03011"]
[Site "CCLA"]
[Date "2020.04.25"]
[Round "?"]
[White "Greco, Tom"]
[Black "McLaughlin, Ed"]
[Result "1/2-1/2"]
[WhiteElo "1563"]
[BlackElo "1629"]

1. e4 e5 2. Nf3 Nc6 3. Bb5 Bc5 4. O-O d6 5. c3 Bd7 6. d4 exd4 7. cxd4 Bb6 
8. Nc3 Nge7 9. Bg5 h6 10. Be3 a6 11. Bc4 O-O 12. Qd2 Kh7 13. Bb3 Bg4 14. 
Bc2 Bxf3 15. gxf3 f5 16. Kh1 Qe8 17. Rg1 Qh5 18. Bd1 Qh4 19. f4 fxe4 20. 
Rg4 Qf6 21. Nxe4 Qe6 22. Bc2 Kh8 23. f3 Nf5 24. Bb3 Qe7 25. Bd5 Nxe3 26. 
Qxe3 Qd7 27. Bxc6 Qxc6 28. Rd1 Rae8 29. Qd3 Qd5 30. Nc3 Qf5 31. Qxf5 Rxf5 
32. Kg2 d5 33. Kf2 c6 34. Ne2 Bc7 35. Rd3 Ref8 36. Rb3 b5 37. Rc3 a5 38. 
Rxc6 Bxf4 39. Nxf4 Rxf4 40. Rxf4 Rxf4 41. Ke3 Rh4 42. Rc5 Rxh2 43. Rxb5 a4
44. a3 Kg8 1/2-1/2

[Event "2020 Server N. American Champ., Clas C-Rd 1, S03011"]
[Site "CCLA"]
[Date "2020.04.25"]
[Round "?"]
[White "Greco, Tom"]
[Black "Smiley, William R."]
[Result "1-0"]
[WhiteElo "1563"]
[BlackElo "1620"]

1. d4 d5 2. c4 Nf6 3. cxd5 Nxd5 4. e4 Nb6 5. Nc3 e6 6. Nf3 N8d7 7. Bf4 Bb4
8. Qb3 Bxc3+ 9. bxc3 O-O 10. Be2 Nf6 11. Qc2 Nbd7 12. O-O Re8 13. Rab1 Nf8
14. Bg5 h6 15. Bh4 g5 16. Bg3 Nh5 17. Ne5 Nf6 18. f4 N8h7 19. Ng4 Nxg4 20.
 Bxg4 Nf6 21. Bf3 c6 22. fxg5 hxg5 23. e5 Nd5 24. Qd2 b6 25. Bh5 Rf8 26. 
c4 Nc7 27. Rf6 Ne8 28. Qxg5+ Ng7 29. Rbf1 Bd7 30. Bf4 Be8 31. Be3 1-0

[Event "2020 Server N. American Champ., Clas C-Rd 1, S03011"]
[Site "CCLA"]
[Date "2020.04.25"]
[Round "?"]
[White "Greco, Tom"]
[Black "Hodgkins, Neil C."]
[Result "1-0"]
[WhiteElo "1563"]
[BlackElo "1402"]

1. d4 d5 2. c4 Nf6 3. cxd5 Nxd5 4. e4 Nb6 5. Nc3 e6 6. Nf3 Nc6 7. Be3 Be7 
8. a3 O-O 9. Bd3 h6 10. O-O a6 11. Qd2 Na5 12. Qe2 Bd7 13. e5 f6 14. exf6 
Bxf6 15. Nd2 Nd5 16. Nxd5 exd5 17. b4 Nc6 18. Nb3 b5 19. Qf3 Be6 20. Qg3 
Bg5 21. Bxg5 Qxg5 22. Qxc7 Rac8 23. Qg3 Qxg3 24. fxg3 Ra8 25. Rac1 Rxf1+ 
26. Kxf1 Rc8 27. Kf2 Rf8+ 28. Ke3 Bd7 29. Rc5 Re8+ 30. Kd2 Ne7 31. Rc7 Bc8
32. h3 Nf5 33. g4 Ne3 34. g3 Ng2 35. Bg6 Rf8 36. Ke2 Be6 37. Nc5 Bc8 38. 
Nb3 1-0

[Event "2020 Server N. American Champ., Clas C-Rd 1, S03011"]
[Site "CCLA"]
[Date "2020.04.25"]
[Round "?"]
[White "Greco, Tom"]
[Black "Cangelosi, Dominic"]
[Result "1-0"]
[WhiteElo "1563"]
[BlackElo "1391"]

1. d4 e5 2. dxe5 Nc6 3. Nf3 Qe7 4. Nc3 Nxe5 5. e4 Nxf3+ 6. Qxf3 d6 7. Bf4 
f5 8. Bd3 fxe4 9. Qxe4 Nf6 10. Qxe7+ Bxe7 11. O-O-O Ng4 12. Rd2 Be6 13. 
Re1 O-O 14. Rxe6 Rae8 15. Nd5 Nxh2 16. Bxh2 Bg5 17. Rxe8 Rxe8 18. Nf4 Rf8 
19. g3 h5 20. Bc4+ Kh7 21. Rd5 Re8 22. Rxg5 1-0

[Event "2020 Server N. American Champ., Clas C-Rd 1, S03011"]
[Site "CCLA"]
[Date "2020.04.25"]
[Round "?"]
[White "Smiley, William R."]
[Black "McLaughlin, Ed"]
[Result "1-0"]
[WhiteElo "1620"]
[BlackElo "1629"]

1. e4 e5 2. Nf3 Nc6 3. Bb5 Bc5 4. c3 Qf6 5. O-O Nge7 6. d3 O-O 7. Be3 Bxe3
8. fxe3 Qh6 9. Qe2 d6 10. d4 a6 11. Ba4 Bg4 12. d5 Nd8 13. Nbd2 b5 14. Bc2
Nb7 15. b3 c5 16. h3 Bh5 17. Qf2 f6 18. Kh2 Nd8 19. Nh4 Ng6 20. Nf5 Nf7 
21. Nxh6+ 1-0

[Event "2020 Server N. American Champ., Clas C-Rd 1, S03011"]
[Site "CCLA"]
[Date "2020.04.25"]
[Round "?"]
[White "Smiley, William R."]
[Black "Greco, Tom"]
[Result "1/2-1/2"]
[WhiteElo "1620"]
[BlackElo "1563"]

1. e4 e5 2. Nf3 Nc6 3. Bb5 Nf6 4. O-O Nxe4 5. Bxc6 dxc6 6. Nxe5 Be7 7. d3 
Nd6 8. Be3 Be6 9. Nc3 O-O 10. Re1 Nf5 11. Bd2 Bd6 12. Nf3 a5 13. Ne4 Be7 
14. h3 h6 15. Qe2 Re8 16. a3 c5 17. c3 b6 18. Rad1 Bb3 19. Rc1 Bd6 20. Qf1
Be7 21. Bf4 Nd6 22. Ned2 Ba4 23. b3 Bc6 24. c4 Nf5 25. a4 Nd4 26. Nxd4 
cxd4 27. Nf3 1/2-1/2

[Event "2020 Server N. American Champ., Clas C-Rd 1, S03011"]
[Site "CCLA"]
[Date "2020.04.25"]
[Round "?"]
[White "Smiley, William R."]
[Black "Hodgkins, Neil C."]
[Result "1-0"]
[WhiteElo "1620"]
[BlackElo "1402"]

1. e4 e5 2. f4 Nc6 3. Nf3 exf4 4. d4 d6 5. Bxf4 Nf6 6. Nc3 Bg4 7. Be2 Be7 
8. Qd2 O-O 9. h3 Be6 10. d5 Bd7 11. dxc6 Bxc6 12. Bd3 a6 13. Nd4 Qd7 14. 
O-O-O b5 15. Nxc6 Qxc6 16. e5 dxe5 17. Bxe5 Rad8 18. g4 Nd5 19. Nxd5 Rxd5 
20. Bxh7+ Kxh7 21. Qxd5 Bg5+ 22. Kb1 Qxd5 23. Rxd5 c6 24. Bxg7 Kxg7 25. 
Rxg5+ Kf6 26. Rf5+ Ke7 27. Rhf1 c5 28. Rxc5 Kd6 29. Rcf5 1-0

[Event "2020 Server N. American Champ., Clas C-Rd 1, S03011"]
[Site "CCLA"]
[Date "2020.04.25"]
[Round "?"]
[White "Smiley, William R."]
[Black "Cangelosi, Dominic"]
[Result "1-0"]
[WhiteElo "1620"]
[BlackElo "1391"]

1. e4 d5 2. exd5 Qxd5 3. Nc3 Qa5 4. d4 e5 5. dxe5 Qxe5+ 6. Qe2 Qxe2+ 7. 
Bxe2 Bb4 8. Bd2 Nf6 9. f3 O-O 10. O-O-O Bf5 11. Nb5 Nd5 12. Bxb4 Nxb4 13. 
Nxc7 Rc8 14. c3 Nxa2+ 15. Kd2 Rxc7 16. Ke1 Nc6 17. g4 Bg6 18. Ra1 Ncb4 19.
 cxb4 Rc1+ 20. Rxc1 Nxc1 21. Kf2 Re8 22. Bc4 Bd3 23. Nh3 Re2+ 24. Kg3 Rc2 
25. Bxd3 Nxd3 26. Rd1 h6 27. Rxd3 Rxb2 28. Rd4 a5 29. bxa5 Rb6 30. axb6 
1-0

[Event "2020 Server N. American Champ., Clas C-Rd 1, S03011"]
[Site "CCLA"]
[Date "2020.04.25"]
[Round "?"]
[White "Hodgkins, Neil C."]
[Black "McLaughlin, Ed"]
[Result "0-1"]
[WhiteElo "1402"]
[BlackElo "1629"]

1. d4 d5 2. c4 Nf6 3. Nf3 e6 4. Bf4 c6 5. g3 Bb4+ 6. Nbd2 dxc4 7. Qa4 
Bxd2+ 8. Bxd2 b5 9. Qc2 a5 10. Bg2 Qb6 11. O-O O-O 12. Ne5 Bb7 13. e3 Nbd7
14. f4 c5 15. Bxb7 Qxb7 16. a3 Qd5 17. Nxd7 Qxd7 18. a4 b4 19. Qxc4 Ne4 
20. Be1 cxd4 21. exd4 Rfd8 22. Bf2 Nxf2 23. Kxf2 Rac8 24. Qd3 Qxd4+ 25. 
Qxd4 Rxd4 26. Rfe1 Rd2+ 27. Kg1 Rxb2 28. Red1 Kf8 29. Rac1 Rxc1 30. Rxc1 
Ra2 31. Rb1 Rxa4 32. Kg2 Ra2+ 33. Kh3 Ke7 34. g4 Ra3+ 35. Kg2 b3 36. Kg3 
b2+ 37. Kh4 a4 38. Rxb2 Rb3 39. Ra2 a3 40. h3 f6 41. Ra1 g5+ 42. fxg5 
fxg5+ 43. Kxg5 Rxh3 44. Ra2 Kd6 45. Kf4 Kc5 46. Ke5 Kb4 47. Kxe6 Rh1 48. 
g5 Kb3 49. Rxa3+ Kxa3 50. Kf6 Kb4 51. Kg7 Kc5 52. g6 hxg6 53. Kxg6 Rf1 54.
 Kg5 Kd5 55. Kg4 Ke4 56. Kg5 Ke5 57. Kg4 Rf8 58. Kg3 Ke4 59. Kg2 Ke3 60. 
Kg3 Rg8+ 61. Kh4 Kf4 62. Kh5 Rg1 63. Kh6 Kf5 64. Kh5 Rh1# 0-1

[Event "2020 Server N. American Champ., Clas C-Rd 1, S03011"]
[Site "CCLA"]
[Date "2020.04.25"]
[Round "?"]
[White "Hodgkins, Neil C."]
[Black "Greco, Tom"]
[Result "0-1"]
[WhiteElo "1402"]
[BlackElo "1563"]

1. d4 Nf6 2. c4 e6 3. Nf3 b6 4. Bf4 Bb7 5. e3 Be7 6. Be2 O-O 7. O-O Nh5 8.
 Nc3 Nxf4 9. exf4 d6 10. Re1 Nd7 11. b4 Nf6 12. Bd3 a5 13. a3 axb4 14. 
axb4 Rxa1 15. Qxa1 Qa8 16. Qxa8 Rxa8 17. h3 Bxf3 18. gxf3 Ra3 19. Rc1 Nh5 
20. Kh2 Nxf4 21. Be4 f5 22. Bc6 Nd3 23. Rc2 Nxb4 24. Re2 Rxc3 25. Ba4 Kf7 
26. c5 bxc5 27. dxc5 Rxf3 28. cxd6 cxd6 29. Kg2 Rc3 30. Bd7 e5 31. Bxf5 h5
32. Re4 g6 33. Bd7 Nd5 34. Bb5 Nf4+ 35. Kf1 Rc1+ 36. Re1 Rxe1+ 37. Kxe1 
Nxh3 38. f3 d5 39. Ke2 Nf4+ 40. Kd2 h4 0-1

[Event "2020 Server N. American Champ., Clas C-Rd 1, S03011"]
[Site "CCLA"]
[Date "2020.04.25"]
[Round "?"]
[White "Hodgkins, Neil C."]
[Black "Smiley, William R."]
[Result "0-1"]
[WhiteElo "1402"]
[BlackElo "1620"]

1. d4 d5 2. c4 c6 3. Nf3 Nf6 4. Nc3 e6 5. Bf4 Bb4 6. a3 Bxc3+ 7. bxc3 dxc4
8. e3 b5 9. Be2 Nd5 10. Qc2 Nxf4 11. exf4 Nd7 12. Ne5 Bb7 13. O-O Nf6 14. 
Bf3 Nd5 15. g3 O-O 16. Rab1 Qa5 17. Bxd5 cxd5 18. Qc1 Rfd8 19. Rb4 f6 20. 
Nf3 Bc6 21. Re1 Kf7 22. g4 Qc7 23. g5 a6 24. h4 h6 25. gxf6 gxf6 26. Qe3 
Re8 27. Kg2 Rg8+ 28. Kh3 Qd7 29. Kh2 Rae8 30. f5 exf5 31. Qd2 Qd6+ 32. Kh1
Rxe1+ 33. Qxe1 Qf4 34. Qe2 Qg4 35. Rb1 Qg2# 0-1

[Event "2020 Server N. American Champ., Clas C-Rd 1, S03011"]
[Site "CCLA"]
[Date "2020.04.25"]
[Round "?"]
[White "Hodgkins, Neil C."]
[Black "Cangelosi, Dominic"]
[Result "1-0"]
[WhiteElo "1402"]
[BlackElo "1391"]

1. d4 f5 2. c4 c6 3. e3 e6 4. Nf3 Nf6 5. Nc3 Bb4 6. Bd2 O-O 7. a3 Ba5 8. 
b4 Bc7 9. Be2 d5 10. c5 b5 11. cxb6 Bxb6 12. O-O Nbd7 13. Qc2 Ne4 14. Nxe4
fxe4 15. Qxc6 exf3 16. Bxf3 Ba6 17. Qxe6+ Kh8 18. Rfe1 Bc8 19. Qc6 Rb8 20.
 Qc2 Bc7 21. Bxd5 Qh4 22. f4 Rb5 23. Bf3 Bb8 24. g3 Qh6 25. a4 Rbf5 26. e4
R5f7 27. Kg2 Nf6 28. f5 g5 29. Rh1 Kg7 30. Rag1 Rh8 31. h4 Bxg3 32. Bxg5 
1-0

[Event "2020 Server N. American Champ., Clas C-Rd 1, S03011"]
[Site "CCLA"]
[Date "2020.04.25"]
[Round "?"]
[White "Cangelosi, Dominic"]
[Black "McLaughlin, Ed"]
[Result "0-1"]
[WhiteElo "1391"]
[BlackElo "1629"]

1. d4 d5 2. Nf3 Nf6 3. e3 e6 4. Bd3 c5 5. c3 Nc6 6. Nbd2 Bd6 7. O-O O-O 8.
 Re1 c4 9. Bc2 b5 10. e4 Bf4 11. e5 Ne8 12. Nf1 Bxc1 13. Qxc1 f5 14. Ng3 
a5 15. a4 b4 16. Ne2 Ra7 17. g3 b3 18. Bb1 h6 19. Nh4 g5 20. Ng6 Rff7 21. 
h4 Rg7 22. h5 Ne7 23. f4 Nxg6 24. fxg5 hxg5 25. Kg2 Nh8 26. h6 Rg6 27. Rh1
Rh7 28. Nf4 gxf4 29. Qxf4 Qg5 30. Rh4 Qxf4 31. Rxf4 Rgxh6 32. Kf3 Rh2 0-1

[Event "2020 Server N. American Champ., Clas C-Rd 1, S03011"]
[Site "CCLA"]
[Date "2020.04.25"]
[Round "?"]
[White "Cangelosi, Dominic"]
[Black "Greco, Tom"]
[Result "0-1"]
[WhiteElo "1391"]
[BlackElo "1563"]

1. d4 Nf6 2. c4 e6 3. Nc3 Bb4 4. Qb3 c5 5. dxc5 Nc6 6. Nf3 Ne4 7. Bd2 Nxd2
8. Nxd2 Bxc5 9. Nce4 b6 10. Nxc5 bxc5 11. e3 O-O 12. Bd3 f5 13. Qc3 Rb8 
14. h4 Bb7 15. a3 Qf6 16. Qc2 Ne5 17. f3 Nxd3+ 18. Qxd3 Rf7 19. Ke2 Qxb2 
20. Rhb1 Qe5 21. e4 Rbf8 22. Qb3 Bc6 23. Ra2 Qh2 24. Kf2 Qxh4+ 25. Kg1 
fxe4 26. Nxe4 Bxe4 27. fxe4 Qxe4 0-1

[Event "2020 Server N. American Champ., Clas C-Rd 1, S03011"]
[Site "CCLA"]
[Date "2020.04.25"]
[Round "?"]
[White "Cangelosi, Dominic"]
[Black "Smiley, William R."]
[Result "0-1"]
[WhiteElo "1391"]
[BlackElo "1620"]

1. d4 d5 2. Nf3 Nf6 3. e3 e6 4. Bd3 Nbd7 5. Nbd2 Be7 6. O-O O-O 7. Re1 c5 
8. c3 b6 9. e4 dxe4 10. Nxe4 Bb7 11. Nxf6+ Nxf6 12. Bg5 cxd4 13. Qc2 h6 
14. Re5 Bxf3 15. gxf3 hxg5 16. Rxg5 dxc3 17. Qxc3 Rc8 18. Qd2 Ne4 0-1